Statistics for Brazil World Cup Squad 2014

Click here to take the quiz!

General Stats

  • This quiz has been taken 7,119 times
  • The average score is 13 of 24

Answer Stats

Position Player % Correct
FWNeymar
97%
DFDavid Luiz
87%
DFThiago Silva
83%
GKJúlio Cesar
79%
FWFred
76%
FWHulk
75%
DFMarcelo
75%
MFOscar
75%
DFDaniel Alves
74%
ManagerLuiz Felipe Scolari
61%
MFWillian
52%
MFFernandinho
50%
MFPaulinho
48%
FW
48%
MFRamires
46%
DFDante
46%
MFLuiz Gustavo
43%
DFMaicon
41%
FWBernard
40%
GKJefferson
28%
DFMaxwell
24%
MFHernanes
24%
GKVictor
17%
DFHenrique
16%

Score Distribution

Percentile by Number Answered

Percent of People with Each Score

Your Score History

You have not taken this quiz